000 00727nam a22002537a 4500
999 _c332931
_d332931
001 46833
003 UA-OsUOA
005 20190926152958.0
007 ta
008 20070706b un ||||| |||| 00| 0 ukr d
020 _a9668253175
040 _aUA-OsUOA
_bukr
_cUA-OsUOA
_dUA-OsUOA
041 _aukr
080 _a330(075.8)
090 _a330(075.8)
_bН 62
100 _aНіколенко Ю.В.
245 _aПолітекономія
_bнавч. посіб.
_cЮ. В. Ніколенко
260 _aК.
_bЦУЛ
_c2003
300 _a412 с.
650 7 _a330 Економіка взагалі
_2UDC
942 _cBK
_2udc
955 _a2